=LDR 00000nam 2200000 4500 =001 NUTBA000000000004010 =005 20221122081844 =035 ##$$a 0010-091400000000043 =008 221122###########################0###### =020 ##$$a 978-979-788-147-4 =040 ##$$a NBPDMAT =082 ##$$a 028.5 =084 ##$$a 028.5 Muf h =100 ##$$a A.Mufi =245 1#$$a Hore akhirnya aku tahu sejarah dan asal mula benda canggih /$c A.Mufi =250 ##$$a Cet. 1 =260 ##$$a Jakarta :$b Penebar CIF,$c 2009 =300 ##$$a 35 hlm. : $b ilus. ; $c 26 cm. =650 #4$$a Bacaan kanak-kanak =990 ##$$a 21408122 =990 ##$$a 21408123 =990 ##$$a 21408124 =990 ##$$a 21408125 =990 ##$$a 21408126